000 00760nam a2200205Ia 4500
003 Ost
005 20260507075051.0
008 260507s9999||||xx |||||||||||||| ||und||
040 _cfsecg
041 _aara
082 _a346.07
100 _aطه، مصطفى كمال
_eمؤلف
245 0 _aالقانون التجاري :
_bالشركات التجارية /
_c مصطفى كمال طه
260 _aالإسكندرية:
_bدار الجامعة الجديدة للنشر,
_c1996
300 _a412 صفحة؛
_bإيضاحات ؛
_c24 سم
520 _aالأحكام العامة في الشركات، شركات الأشخاص، شركات الأموال
653 _aالشركات
653 _aالقانون التجاري
942 _cكتاب
999 _c42651
_d42651